书目信息 |
| 题名: |
磁盘数据安全技术与编程实例
|
|
| 作者: | 郑平泰 编著 | |
| 分册: | ||
| 出版信息: | 北京 中国水利水电出版社 2007.03 |
|
| 页数: | 357页 | |
| 开本: | 26cm | |
| 丛书名: | ||
| 单 册: | ||
| 中图分类: | TP309.2 | |
| 科图分类: | ||
| 主题词: | 电子计算机--dian zi ji suan ji--数据管理--安全技术 | |
| 电子资源: | ||
| ISBN: | 978-7-5084-4401-7 | |
| 000 | 01003nam0 2200265 450 | |
| 001 | 012007186407 | |
| 005 | 20071106095944.60 | |
| 010 | @a978-7-5084-4401-7@dCNY38.00 | |
| 100 | @a20070924d2007 km y0chiy0120 ea | |
| 101 | 0 | @achi |
| 102 | @aCN@b110000 | |
| 105 | @aa a 000yy | |
| 106 | @ar | |
| 200 | 1 | @a磁盘数据安全技术与编程实例@Aci pan shu ju an quan ji shu yu bian cheng shi li@f郑平泰等编著@Fzheng ping tai deng bian zhu |
| 210 | @a北京@c中国水利水电出版社@d2007.03 | |
| 215 | @a357页@c图@d26cm | |
| 312 | @a英文并列题名取自封面。 | |
| 320 | @a有书目。 | |
| 330 | @a本书人实用的角度出发,介绍了硬盘的物理结构、硬盘的数据存储结构、FAT文件系统等,并针对数据安全的研究领域等方面以实例的形式进行了详细的介绍。 | |
| 510 | 1 | @aSecure technique of disk data and programming examples@zeng |
| 606 | 0 | @a电子计算机@Adian zi ji suan ji@x数据管理@x安全技术 |
| 690 | @aTP309.2@v4 | |
| 701 | 0 | @a郑平泰@Azheng ping tai@4编著 |
| 801 | 0 | @aCN@b@c20071106 |
| 905 | @b264150-52@dTP309.2@eZ443@f3 | |
| 磁盘数据安全技术与编程实例/郑平泰等编著.-北京:中国水利水电出版社,2007.03 |
| 357页:图;26cm |
| ISBN 978-7-5084-4401-7:CNY38.00 |
| 本书人实用的角度出发,介绍了硬盘的物理结构、硬盘的数据存储结构、FAT文件系统等,并针对数据安全的研究领域等方面以实例的形式进行了详细的介绍。 |
| ● |
| 相关链接 |
|
|
|
正题名:磁盘数据安全技术与编程实例
索取号:TP309.2/Z443
 
预约/预借
| 序号 | 登录号 | 条形码 | 馆藏地/架位号 | 状态 | 备注 |
| 1 | 264150 | 202641506 | 自科库301/301自科库 46排5列2层/ [索取号:TP309.2/Z443] | 在馆 | |
| 2 | 264151 | 202641515 | 自科库301/301自科库 46排5列2层/ [索取号:TP309.2/Z443] | 在馆 | |
| 3 | 264152 | 202641524 | 自科二线404/404自科库 18排4列5层/ [索取号:TP309.2/Z443] | 在馆 |